| 000 | 01974cam a22004454a 4500 | ||
|---|---|---|---|
| 001 | muse84897 | ||
| 003 | MdBmJHUP | ||
| 005 | 20210127151626.0 | ||
| 006 | m o d | ||
| 007 | cr||||||||nn|n | ||
| 008 | 970320s1996 mx o 00 0 spa d | ||
| 010 | _z 97130404 | ||
| 020 | _a9786076288047 | ||
| 020 | _z9681206711 | ||
| 020 | _z9789681206710 | ||
| 035 | _a(OCoLC)1151429015 | ||
| 040 |
_aMdBmJHUP _cMdBmJHUP |
||
| 043 | _an-mx--- | ||
| 050 | 0 | 4 |
_aHD2346.M42 _bM47 1996 |
| 100 | 1 | _aPerez Toledo, Sonia. | |
| 245 | 1 | 4 |
_aLos hijos del trabajo _blos artesanos de la ciudad de México, 1780-1853 / _cSonia Perez Toledo. |
| 250 | _a1. ed. | ||
| 264 | 1 | _bUniversidad Autónoma Metropolitana Iztapalapa, | |
| 264 | 3 | _bProject MUSE, | |
| 300 |
_a1 online resource (300 p.) : _bill., maps ; |
||
| 504 | _aIncludes bibliographical references (p. 279-292) and index. | ||
| 506 | 0 |
_aOpen Access _fUnrestricted online access _2star |
|
| 520 | 1 |
_a"Ground-breaking study of the artisans in Mexico during a significant period of transformation. Concludes that their numbers and their percentage of the population stayed about the same over time, but that their conditions of life and work changed significantly. Contains important statistical material useful to any scholar working on those years. Highly recommended"--Handbook of Latin American Studies, v. 58. _uhttp://www.loc.gov/hlas/ |
|
| 588 | _aDescription based on print version record. | ||
| 650 | 0 |
_aGuilds _zMexico _zMexico City _xHistory. |
|
| 650 | 0 |
_aArtisans _zMexico _zMexico City _xHistory. |
|
| 655 | 7 |
_aElectronic books. _2local |
|
| 710 | 2 |
_aProject Muse. _edistributor |
|
| 830 | 0 | _aBook collections on Project MUSE. | |
| 856 | 4 | 0 |
_zFull text available: _uhttps://muse.jhu.edu/book/74633/ |
| 999 |
_c26441 _d26441 |
||